LDR 01353naa#a2200181#i#450# 001 RU\\bibl\126441 005 20260629225242.1 011 ## _a2223-9987 100 ## _a20260629b2026####ek#y0rusy0150####ca 102 ## _aRU 200 1# _aМетодика проектирования робототехнических комплексов для расформирования составов на сортировочной горке _eЖурнальная статья 210 1# _aСанкт-Петербург _cФГБОУ ВО "Петербургский государственный университет путей сообщения Императора Александра I" _d2026 215 ## _a18 с. 608 ## _aЖурнальная статья _2local 675 ## _aПути для формирования поездов. Сортировочные горки. Сортировочные станции. 656.212.5 _aАвтоматика. Теория, методы расчета и аппаратура систем автоматического управления и регулирования. Техническая кибернетика. Техника автоматизации. 681.5 _z 700 #1 _aКудюкин _gВладимир Валерьевич 700 #1 _aКузьмин _gВладислав Сергеевич 856 4# _aatjournal.ru _u